nancy drew mystery stories 45: (Record no. 10325)

MARC details
000 -LEADER
fixed length control field 00877nam a22001817a 4500
003 - CONTROL NUMBER IDENTIFIER
control field OSt
005 - DATE AND TIME OF LATEST TRANSACTION
control field 20260508072203.0
008 - FIXED-LENGTH DATA ELEMENTS--GENERAL INFORMATION
fixed length control field 260508b |||||||| |||| 00| 0 eng d
040 ## - CATALOGING SOURCE
Original cataloging agency DWCL GS lib
Transcribing agency OC
082 ## - DEWEY DECIMAL CLASSIFICATION NUMBER
Classification number Fic. K26s 1996
100 ## - MAIN ENTRY--PERSONAL NAME
Personal name Keene, Carolyn
245 ## - TITLE STATEMENT
Title nancy drew mystery stories 45:
Remainder of title the spider sapphire mystery
Statement of responsibility, etc. Carolyn Keene
260 ## - PUBLICATION, DISTRIBUTION, ETC.
Place of publication, distribution, etc. New York
Name of publisher, distributor, etc. Grosset & Dunlap
Date of publication, distribution, etc. c1968
300 ## - PHYSICAL DESCRIPTION
Extent 176
Dimensions 20cm
520 ## - SUMMARY, ETC.
Summary, etc. The Spider Sapphire Mystery (1967/1968), the 45th Nancy Drew mystery, follows Nancy, Bess, George, and Ned on a dangerous safari in East Africa to recover a stolen, rare sapphire. Nancy clears her father's client, Floyd Ramsay, of accusations that he stole the gem, ultimately uncovering a blackmail scheme and a missing guide.
700 ## - ADDED ENTRY--PERSONAL NAME
Personal name Carolyn Keene
942 ## - ADDED ENTRY ELEMENTS (KOHA)
Source of classification or shelving scheme Dewey Decimal Classification
Koha item type Fiction
Classification part Fic. K26s 1996
Suppress in OPAC No
952 ## - LOCATION AND ITEM INFORMATION (KOHA)
--
Holdings
Withdrawn status Lost status Source of classification or shelving scheme Damaged status Not for loan Home library Current library Shelving location Date acquired Source of acquisition Total Checkouts Full call number Barcode Date last seen Price effective from Koha item type Uniform Resource Identifier
    Dewey Decimal Classification     Grade School Library Grade School Library Fiction 05/08/2026 School Fund, Donation   Fic. K26s 1996 10092 05/08/2026 05/08/2026 FIC.